Les 25 participants d'On ne demande qu'à en rire les plus assidus - Statistiques

Statistiques générales
  • Ce quiz a été pris 114 fois
  • Le résultat moyen est 10 sur 25
Statistiques - réponses
Participations Humoriste(s) % Correct
78 Arnaud Tsamere
94%
77 Jérémy Ferrari
92%
74 Olivier de Benoist
73%
70 Artus
67%
49 Nicole Ferroni
66%
51 Constance
63%
64 Florent Peyre
56%
72 Les Lascars Gays
53%
40 Ahmed Sylla
51%
75 Garnier et Sentou
48%
52 Babass
45%
52 Lamine Lezghad
39%
43 Les Décaféinés
37%
40 Arnaud Cosson
36%
46 Vérino
36%
75 Sacha Judaszko
34%
55 Donel Jack'sman
32%
52 Steeven et Christopher
21%
33 Cyril Etesse
19%
27 Kevin Razy
18%
43 Les Kicékafessa
17%
36 Anthony Joubert
15%
31 Zidani
15%
39 Aymeric Lompret
14%
30 Shirley Souagnon
12%
Aucun quiz correspondant
Distribution des résultats
% des personnes avec chaque résultat
Percentile par nombre de réponses
Votre historique - résultats
Vous n’avez pas pris ce quiz